| 000 | 00848pam a2200277 a 4500 | ||
|---|---|---|---|
| 001 | 1878842 | ||
| 003 | OSt | ||
| 005 | 20140310182820.0 | ||
| 008 | 830912s1984 nyua 001 0 eng | ||
| 010 | _a 83019689 | ||
| 020 |
_a0454005016 _c$12.95 |
||
| 040 |
_aDLC _cDLC _dDLC |
||
| 050 | 0 | 0 |
_aRJ 496.A5 _b.H67 1984 |
| 100 | 1 | _aHornsby, Bevé. | |
| 245 | 1 | 0 |
_aOvercoming dyslexia : _ba straightforward guide for families and teachers / _cBevé Hornsby ; foreword by Susan Hampshire and Angharad Rees. |
| 260 |
_aNew York : _bArco Pub., _c1984. |
||
| 300 |
_a140 p. : _bill. (some col.) ; _c24 cm. |
||
| 440 | 0 | _aPositive health guide | |
| 500 | _aIncludes index. | ||
| 521 | _aMC | ||
| 650 | 0 | _aDyslexia. | |
| 650 | 0 | _aDyslexic children. | |
| 906 |
_a7 _bcbc _corignew _d1 _eocip _f19 _gy-gencatlg |
||
| 942 |
_2lcc _cBK _kFOR |
||
| 999 |
_c16365 _d16365 |
||